The woman in Indian fiction in English (1950-80) /

Bibliographic Details
Main Author: Shantha Krishnaswamy
Format: Book
Language:English
Published: New Delhi : Ashish Pub. House, 1984.
Subjects:

MARC

Tag First Indicator Second Indicator Subfields
LEADER 00000cam a2200000 a 4500
001 in00000560813
005 20151014060352.0
008 850115s1984 ii b 00110 eng d
035 |a (OCoLC)11583064 
035 |9 ACM7367AM 
040 |a OUN  |c OUN  |d TXA  |d UtOrBLW 
049 |a TXAM  |c [A09134798] 
090 |a PR9492.6.W6  |b S5 1984 
100 0 |a Shantha Krishnaswamy. 
245 1 4 |a The woman in Indian fiction in English (1950-80) /  |c Shantha Krishanaswamy. 
264 1 |a New Delhi :  |b Ashish Pub. House,  |c 1984. 
300 |a viii, 375 pages ;  |c 22 cm. 
336 |a text  |b txt  |2 rdacontent 
337 |a unmediated  |b n  |2 rdamedia 
338 |a volume  |b nc  |2 rdacarrier 
500 |a Includes index. 
504 |a Bibliography: pages [365]-368. 
650 0 |a Indic fiction (English)  |x Women authors  |x History and criticism. 
650 0 |a Indic fiction (English)  |x History and criticism. 
650 0 |a Women in literature. 
999 |a MARS 
999 f f |s 07a15ab5-d0c1-30f8-bf23-ed16051a5a80  |i d29813d9-f2e9-3af1-8003-43dc873cfc0e  |t 0 
952 f f |p normal  |a Texas A&M University  |b College Station  |c Sterling C. Evans Library  |d Evans: Library Stacks  |t 0  |e PR9492.6.W6 S5 1984  |h Library of Congress classification  |i unmediated -- volume  |m A14809134798 
998 f f |a PR9492.6.W6 S5 1984  |t 0  |l Evans: Library Stacks